<?xml version="1.0" encoding="UTF-8"?>
<marc:record xmlns:marc="http://www.loc.gov/MARC21/slim">
   <marc:leader>00000nam a2200000 a 4500</marc:leader>
   <marc:datafield ind1="1" ind2=" " tag="100">
      <marc:subfield code="a">Hunter, Erin</marc:subfield>
      <marc:subfield code="4">aut</marc:subfield>
      <marc:subfield code="e">Verfasser/-in</marc:subfield>
   </marc:datafield>
   <marc:datafield ind1="1" ind2=" " tag="100">
      <marc:subfield code="a">Levin, Friederike</marc:subfield>
   </marc:datafield>
   <marc:datafield ind1="0" ind2="0" tag="245">
      <marc:subfield code="a">Warrior Cats - Verlorene Sterne</marc:subfield>
   </marc:datafield>
   <marc:datafield ind1="0" ind2="0" tag="245">
      <marc:subfield code="c">Hunter, Erin</marc:subfield>
   </marc:datafield>
   <marc:datafield ind1=" " ind2="1" tag="264">
      <marc:subfield code="a">Weinheim</marc:subfield>
      <marc:subfield code="b">Julius Beltz GmbH &amp; Co. KG</marc:subfield>
      <marc:subfield code="c">2020</marc:subfield>
   </marc:datafield>
   <marc:datafield ind1="1" ind2=" " tag="490">
      <marc:subfield code="a">Warrior Cats - Das gebrochene Gesetz</marc:subfield>
      <marc:subfield code="v">Staffel 7; Band 1</marc:subfield>
   </marc:datafield>
   <marc:datafield ind1="1" ind2=" " tag="520">
      <marc:subfield code="a">Darauf haben die Fans gewartet: Die Staffel 7 der Warrior Cats ist da! Die Katzenclans haben den Wald in fünf Territorien aufgeteilt und leben friedlich am See. Doch dann bricht der Kontakt zum SternenClan ab. Haben die Clans ihn verärgert? Die Heilerkatzen sind verstört. Als der junge Heilerschüler Schattenpfote die mysteriöse Nachricht von den Urahnen empfängt, dass alle Gesetzesbrecher verstoßen werden müssen, geraten die Clans in einen erbitterten Konflikt. [Verlagsmeldung]</marc:subfield>
   </marc:datafield>
   <marc:datafield ind1=" " ind2=" " tag="020">
      <marc:subfield code="a">9783407755599</marc:subfield>
      <marc:subfield code="9">9783407755599</marc:subfield>
   </marc:datafield>
   <marc:datafield ind1=" " ind2=" " tag="020">
      <marc:subfield code="a">3407755597</marc:subfield>
      <marc:subfield code="9">3407755597</marc:subfield>
   </marc:datafield>
   <marc:datafield ind1=" " ind2=" " tag="041">
      <marc:subfield code="a">ger</marc:subfield>
   </marc:datafield>
   <marc:datafield ind1="0" ind2=" " tag="490">
      <marc:subfield code="v">Staffel 7; Band 1</marc:subfield>
   </marc:datafield>
   <marc:datafield ind1=" " ind2=" " tag="338">
      <marc:subfield code="a">Band</marc:subfield>
   </marc:datafield>
   <marc:datafield ind1=" " ind2=" " tag="300">
      <marc:subfield code="a">297 S.</marc:subfield>
   </marc:datafield>
</marc:record>
